00542 2200181 4500001002100000005001500021035002000036007000300056008004100059020001800100082001000118084001600128100002400144245006500168260006900233300004100302650001700343INLIS00000000000025020231114120356 a0010-1123000033ta231114 g 0 ind  a979-8161-61-0 a633.3 a633.3 RAC t0 aRachman, j. Hidayat1 ateknologi Produksi Benih Kacang Tanah /cRachman, j. Hidayat aBogor :bPusat Penelitian dan Pengembangan Tanaman Pangan,c2000 av, 33 hlm, :bilus, ;c15 cm x 23 cm 4aKacang Tanah